| 000 | 00645nam a2200193Ia 4500 | ||
|---|---|---|---|
| 003 | GCL | ||
| 008 | 140319s9999 xx 000 0 ara d | ||
| 040 |
_aGCL / _cGCL |
||
| 082 | 0 | 4 |
_a811.6 _bع م |
| 100 | 1 | _aعلى بن عزيم الغرناطى | |
| 245 | 1 | 0 |
_aمختارات ابن عزيم الاندلسى / _cعلى بن عزيم الغرناطى |
| 700 | 1 | _aعبدالحميد عبدالله الهراسة | |
| 300 | _a105 ص | ||
| 490 |
_aالهيئة العامة للاستعلامات _v0 |
||
| 650 | 0 | 4 | _aالشعر العربى |
| 650 | 0 | 4 | _aالادب العربى |
| 650 | 0 | 4 | _aالشعر الاندلسى |
| 942 |
_2ddc _cBK |
||
| 999 |
_c49252 _d49252 |
||